| 000 | 00696nam a2200205 a 4500 | ||
|---|---|---|---|
| 003 | PILC | ||
| 005 | 20150112093438.0 | ||
| 008 | 100723s19uu xx 00 eng d | ||
| 020 | _a1578513294 | ||
| 050 |
_aHD 38.2 _b.H374 2000 |
||
| 082 |
_aMnSF 658.31124 _bH26 2000 |
||
| 100 |
_aHarvard Business School Press _915191 |
||
| 245 |
_aHarvard business review : _bInterviews with CEOs / |
||
| 260 |
_aBoston, Massachusetts : _bHarvard Business School Publishing, _c2000. |
||
| 300 |
_a261 pages : _c19 cm. |
||
| 440 |
_aHarvard Business Review Series _915045 |
||
| 650 |
_aChief executive officer - Interviews _916994 |
||
| 650 |
_aIndustrial management - Case studies _916995 |
||
| 942 |
_2lcc _cBK |
||
| 999 |
_c14645 _d14645 |
||